| 000 | 00601nam a2200181 a 4500 | ||
|---|---|---|---|
| 005 | 20210223120706.0 | ||
| 008 | 991125s1975 mx 000 0 spa u | ||
| 035 | _aUPN01000005587 | ||
| 049 | _aCG | ||
| 050 | 4 |
_aB1649 R94 _bP3.28 |
|
| 100 | 1 |
_aPalazón Mayoral, María Rosa, _d1945- _942140 |
|
| 245 | 1 | 0 |
_aBertrand Russell empirista : _blas ideas / _cMaría Rosa Palazón Mayoral. |
| 260 |
_aMéxico : _bUNAM, Facultad de Filosofía y Letras, _c1975. |
||
| 300 | _a209 p. | ||
| 440 | 0 | _aSeminario de teoría del conocimiento | |
| 600 | 1 | 4 |
_aRUSSELL, BERTRAND ARTHUR WILLIAM, _d1872-1970 |
| 905 | _aLibro | ||
| 999 |
_c5587 _d5587 |
||